Holidays by Origin Quiz Stats

 Plays Quiz Updated Jan 16, 2018

Challenge
Share
Tweet
Embed
Score 0/15 Timer 08:00
4 Plays Today
% Correct
Christmas
93.1%
Thanksgiving
92.7%
Earth Day
92.5%
Hanukkah
91.7%
International Talk Like a Pirate Day
91%
Bastille Day
91%
Kwanzaa
90.6%
Guy Fawkes Day
85.5%
% Correct
Festivus
83.1%
Anzac Day
76.9%
Halloween|All Saints' Day
75.8%
New Year's Day
75.4%
Cinco de Mayo
75.1%
Valentine's Day
73.3%
US Independence Day
66.1%

You're not logged in!

Compare scores with friends on all Sporcle quizzes.
OR
Log In

You Might Also Like...

Show Comments

Extras

Top Quizzes Today


Score Distribution

Your Account Isn't Verified!

In order to create a playlist on Sporcle, you need to verify the email address you used during registration. Go to your Sporcle Settings to finish the process.

Report this User

Report this user for behavior that violates our Community Guidelines.

Details: